Logo BPK

Biblioteka

Politechniki Koszalińskiej

Sbornik prakticeskich primerow i zadac po obscej elektrotechnike / (Rekord nr 14538)

Szczegóły MARC
000 -ETYKIETA REKORDU
podpole kontrolne o stałej długości 00434nam a2200157 i 4500
001 - NUMER KONTROLNY REKORDU
pole kontrolne bg
040 ## - ŹRÓDŁO KATALOGOWANIA
Instytucja, która utworzyła rekord BPK
041 ## - KOD JĘZYKA
Kod języka tekstu pol
008 - POLE O STAŁEJ DŁUGOŚCI - DANE KONTROLNE
podpole kontrolne o stałej długości s pl f |000 0 pol
100 1# - NAZWA OSOBOWA
Nazwa osobowa KONSTANTINOW, W. J.
245 #0 - TYTUŁ/ODPOWIEDZIALNOŚĆ
Tytuł Sbornik prakticeskich primerow i zadac po obscej elektrotechnike /
Pozostałe elementy strefy tytułu i oznaczenia odpowiedzialności W.J. Konstantinow, A.F. Simonow.
250 ## - STREFA WYDANIA
Oznaczenie wydania Wyd.3 przer. i uzup.
260 ## - STREFA ADRESU WYDAWNICZEGO
Miejsce wydania Moskwa,
Data publikacji, dystrybucji/powstania dokumentu 1971.
700 1# - HASŁO DODATKOWE - NAZWA OSOBOWA
Nazwa osobowa SIMONOW, A. F.
856 ## - LOKALIZACJA I DOSTĘP DO ELEKTRONICZNYCH DOKUMENTÓW ZDALNYCH
Link (URL) http://koha.tu.koszalin.pl/cgi-bin/koha/opac-detail.pl?biblionumber=14538
Tekst linku Katalog online BPK
942 ## - DODATKOWE ELEMENTY (KOHA)
Typ dokumentu Książka
Egzemplarze
Wycofany Status egzemplarza Uszkodzony Dostępność Lokalizacja stała Lokalizacja bieżąca Miejsce przechowywania Sygnatura Kod kreskowy Typ dokumentu
      Dostępny Biblioteka Politechniki Koszalińskiej Biblioteka Politechniki Koszalińskiej Wypożyczalnia BG 14206 01721539 Książka
© 2023 Biblioteka Politechniki Koszalińskiej :: KOHA